Personnages Outer Banks par image - Statistiques

Statistiques générales
  • Ce quiz a été pris 2 852 fois
  • Le résultat moyen est 12 sur 16
Statistiques - réponses
Par images Réponse % Correct
JJ
98%
Sarah
98%
Kiara
96%
Pope
94%
John B
93%
Rafe
87%
Cleo
85%
Topper
85%
Big John
83%
Ward
82%
Rose
78%
Barry
52%
Wheezie
50%
Carla Limbrey
44%
Carlos Singh
26%
Sheriff Peterkin
23%
Aucun quiz correspondant
Distribution des résultats
% des personnes avec chaque résultat
Percentile par nombre de réponses
Votre historique - résultats
Vous n’avez pas pris ce quiz